03019cam a22003015a 4500999001700000001000900017005001700026008004100043010001700084020002500101040003300126082001900159245014900178260005600327300002500383504005100408505138000459520051801839650003902357650004102396651001002437653002002447700003402467700003702501700002802538942000802566952014302574 c27441d274121791690020190509100804.0131024t2014 mau frb 001 0 eng d a 2013040761 a9780124077720 (pbk.) aDLCbengcDLCdDLCdEG-ScBUE04a005.1bAGI22200aAgile software architecture :baligning agile processes and software architectures /cedited by Muhammad Ali Babar, Alan W. Brown, Ivan Mistrik. aWaltham, MA :bMorgan Kaufmann / Elsevier,cc.2014. axl, 392 p. ;c24 cm. aIncludes bibliographical references and index.8 aMachine generated contents note: Chapter 1: Introduction to ASA ASA: The State-of-the-Art ASA: Industrial/commercial perspective ASA: Current Challenges and Future Directions Part I: Fundamentals of Agile Architecting Chapter 2: The DCI Paradigm: Beyond Class-Oriented Architecture to Object Orientation Chapter 3: Refactoring software architecture Chapter 4: Architecture Decisions: Who, How and When? Part II: Managing Software Architecture in Agile Projects Chapter 5: Combining agile development and variability handling to achieve adaptable software architectures Chapter 6: Agile software architecture knowledge management Chapter 7: Continuous software architecture analysis Chapter 8: Bridging user stories and software architectures: a guidance support for agile architecting Part III: Agile Architecting in Specific Domains Chapter 9: Architecture-centric testing for security: An agile perspective Chapter 10: Multi-tenancy multi-target architectures: Extending multi-tenancy architectures for agile deployment and development Part IV: Industrial Viewpoints on Agile Architecting Chapter 11: Bursting the Agile Bubble Anti-Pattern Chapter 12: Building a Platform for Innovation: Architecture and Agile as Key Enablers Chapter 13: Opportunities, threats and limitations of emergent architecture Chapter 14: Aviva GI: Architecture as a Key Driver for Agile Success. aAgile software development approaches have had significant impact on industrial software development practices. Today, agile software development has penetrated to most IT companies across the globe, with an intention to increase quality, productivity, and profitability. Comprehensive knowledge is needed to understand the architectural challenges involved in adopting and using agile approaches and industrial practices to deal with the development of large, architecturally challenging systems in an agile way. 7aAgile software development.2BUEsh 7aSoftware architecture.2BUEsh929417 2BUEsh bCOMSCIcMay20191 aAli Babar, Muhammad,eeditor.1 aBrown, Alan W.,d1962-,eeditor.1 aMistrik, Ivan,eeditor. 2ddc 00102ddc40708BaccahaMAINbMAINcLOWd2019-05-09ePurchaseg899.90h2000088l0o005.1 AGIp000044645r2025-07-15 00:00:00v1124.88yBB